| 000 | 00842nam a22002297a 4500 | ||
|---|---|---|---|
| 005 | 20170511112439.0 | ||
| 010 | _aENG-116901 | ||
| 020 |
_a9789332547070 _c525.00 |
||
| 035 | _aEN-100433 | ||
| 035 | _aB-665162 | ||
| 037 | _bDBAD/PUB | ||
| 082 | _a480.00 | ||
| 100 | _aThorpe, Edgar | ||
| 245 |
_aObjective english / _cby Edgar Thorpe [and] Showick Thorpe _bfor competitve examinations / |
||
| 250 | _a6th ed. | ||
| 260 |
_aNoida _bPearson _c2017 |
||
| 270 |
_aA-8(A), 7th Floor, Knowledge Boulevard, Sector-62, _bNoida _e201309 |
||
| 300 |
_aVarious Pagings _c25cm(pbk) |
||
| 700 | _aThorpe,Showick | ||
| 942 |
_2ddc _cEN _mTHO _h480 |
||
| 999 |
_c105453 _d105453 |
||